000 00385 a2200145 4500
020 _a8186830103
040 _aDLC
_bDLC
082 _a413.1
245 _aThesaurus
_cPentagon
260 _aNew Delhi :
_bPentagon Press,
_cc2004.
300 _a312 p. :
_c20 cm.
440 _aPentagon's reference library
650 _aEnglish language--Synonyms and antonyms.
942 _cBK
_k413.1 PEN
_2ddc
999 _c4817
_d4817